| 000 | 01088nam a2200229Ia 4500 | ||
|---|---|---|---|
| 999 |
_c35845 _d35845 |
||
| 001 | 1736 | ||
| 003 | GE_BSU | ||
| 005 | 20211228114537.0 | ||
| 008 | 181216s1959ge xx |||||||||||||| ||geo|| | ||
| 040 | _cGE_BSU | ||
| 080 | _a581 კ 43 | ||
| 100 |
_aკეცხოველი,ნ _913363 |
||
| 245 |
_aსაქართველოს მცენარეული საფარი / _cნ.კეცხოველი, რედ. კ.ნინუა |
||
| 264 |
_aთბილისი : _bსწაქ. მეცნ. აკადემიის, _c1959 |
||
| 300 |
_a 443 გვ .: _b103 ილ. და რუკ. ; _c25 სმ. |
||
| 504 | _a ბიბლიოგრ. ყოველი თვის შემდეგ. | ||
| 546 | _a დამატ. თავფურც. რუს. ენ. | ||
| 653 | _aსაქართველოს მცენარეული საფარი | ||
| 653 | _a საქართველოს მცენარეულობა. | ||
| 700 |
_aნინუა, კ _eრედაქტორი _913364 |
||
| 942 |
_cBK _2udc |
||